Statistics for God Save The Queen

Click here to take the quiz!

General Stats

  • This quiz has been taken 57 times
  • The average score is 10 of 19

Answer Stats

National Anthem% Correct
Send {her} victorious
92%
{God} {save} {the} {queen}!
89%
Happy and {glorious}
89%
God save our {gracious} queen
87%
Long to reign {over} {us}
83%
Long live our {noble} queen
79%
Long may she {reign}
64%
From shore to {shore}
53%
That men should brothers {be}
43%
The wide {world} o'er
38%
To sing with heart and {voice}
38%
And ever give us {cause}
36%
My she {defend} our laws
36%
Thy choisest {gifts} in store
36%
Nor on this {land} alone
34%
On her be pleased to {pour}
32%
But be God's mercies {known}
19%
Lord make the {nations} see
19%
And form one {family}
17%

Score Distribution

Percentile by Number Answered

Percent of People with Each Score

Your Score History

You have not taken this quiz